Dialogy s mocí /

Hlavní autor: Ruml, Jiří, 1925-2004
Další autoři: Kristofori, Jan, 1931-2004, Havel, Václav, 1936-2011
Jazyk: Čeština
Vydáno: Praha : Fortuna, 1995
Vydání: Vyd. 1.
Témata:
moc
Moc
Fyzický popis: 132 s. : il. (některé barev.) ; 24 cm
Knihy
Uloženo v:
LEADER 01091nam a2200301 a 4500
001 000029993
003 CZ BrMZK
005 20220105072751.0
007 ta
008 950313s1995 xr a f cze d
015 |a cnb000108680 
020 |a 80-7168-239-X 
040 |a BOA001  |b cze 
080 |a 885.0-4(081)  |2 MRF 
100 1 |a Ruml, Jiří,  |d 1925-2004  |7 jk01103056  |4 aut 
245 1 0 |a Dialogy s mocí /  |c Jiří Ruml ; předmluvu napsal Václav Havel ; barevné reprodukce a perokresby Jan Kristofori 
250 |a Vyd. 1. 
260 |a Praha :  |b Fortuna,  |c 1995 
300 |a 132 s. :  |b il. (některé barev.) ;  |c 24 cm 
653 0 |a moc 
700 1 |a Kristofori, Jan,  |d 1931-2004  |7 jn19990009897  |4 ill 
700 1 |a Havel, Václav,  |d 1936-2011  |7 jk01040240  |4 wfw 
910 |a BOA001  |b 2-1010.844  |b PK-0123.976 
920 |a 000052358 
964 |a Moc  |x eseje 
990 |a BK 
996 7 |b 2610023651  |c 2-1010.844  |l MZK  |r Sklad / do 1 hodiny  |n 10  |p p.v.  |w 000029993  |u 000010  |a 1  |e BOA001  |j MZK50  |s A 
996 7 |b 3119001639  |c PK-0123.976  |l MZK  |r Sklad / do 1 hodiny  |n 5  |p kup  |w 000029993  |u 000020  |a 1  |e BOA001  |j MZK50  |s A